[Event "Berlin-ch Seniors op 34th"]
[Site "Berlin"]
[Date "2018.01.30"]
[Round "1"]
[White "Krueger, Ekkehard"]
[Black "Scheumann, Joachim"]
[Result "1-0"]
[WhiteElo "1827"]
[BlackElo "1525"]
[PlyCount "49"]
[EventDate "2018.01.30"]
[EventType "swiss"]
[EventRounds "9"]
[EventCountry "GER"]
[SourceTitle "EXT 2020"]
[Source "ChessBase"]
[SourceDate "2019.10.17"]
[SourceVersion "1"]
[SourceVersionDate "2019.10.17"]
[SourceQuality "1"]

1. c4 c5 2. Nc3 Nc6 3. g3 e5 4. Bg2 Nge7 5. e3 g6 6. Nge2 Bg7 7. 0-0 0-0 8. a3 d6 9. Rb1 a6 10. b4 cxb4 11. axb4 Rb8 12. d4 exd4 13. exd4 Nf5 14. Be3 Re8 15. Qd2 h6 16. Rfd1 Nxe3 17. fxe3 Bg4 18. Rf1 Qg5 19. Nf4 Rxe3 20. Ne4 Qe7 21. Nd5 Qe6 22. Nef6+ Kf8 23. Qxe3 Qxe3+ 24. Nxe3 Be2 25. Nd7+ 1-0

[Event "Berlin-ch Seniors op 31st"]
[Site "Berlin"]
[Date "2015.02.07"]
[Round "9"]
[White "Luebbers, Doris"]
[Black "Scheumann, Joachim"]
[Result "1/2-1/2"]
[WhiteElo "1298"]
[BlackElo "1356"]
[PlyCount "50"]
[EventDate "2015.01.29"]
[EventType "swiss"]
[EventRounds "9"]
[EventCountry "GER"]
[SourceTitle "EXT 2018"]
[Source "ChessBase"]
[SourceDate "2017.10.13"]
[SourceVersion "1"]
[SourceVersionDate "2017.10.13"]
[SourceQuality "1"]

1. d4 Nf6 2. Nf3 g6 3. b3 Bg7 4. Bb2 0-0 5. e3 c6 6. c4 d5 7. Bd3 Na6 8. a3 Nc7 9. 0-0 Be6 10. Nbd2 Qd7 11. Ne5 Qc8 12. h3 Bf5 13. Ndf3 Ne4 14. Be2 f6 15. Nd3 Re8 16. Rc1 Qd7 17. cxd5 Nxd5 18. Nc5 Nxc5 19. Rxc5 b6 20. Rc1 Bh6 21. Qd2 Qe6 22. Bc4 b5 23. Bxd5 Qxd5 24. b4 Bxh3 25. Ne1 Bd7 1/2-1/2

[Event "Berlin-ch Seniors op 31st"]
[Site "Berlin"]
[Date "2015.02.02"]
[Round "4"]
[White "Scheumann, Joachim"]
[Black "Krawatzki, Armin"]
[Result "0-1"]
[WhiteElo "1356"]
[BlackElo "1556"]
[PlyCount "72"]
[EventDate "2015.01.29"]
[EventType "swiss"]
[EventRounds "9"]
[EventCountry "GER"]
[SourceTitle "EXT 2018"]
[Source "ChessBase"]
[SourceDate "2017.10.13"]
[SourceVersion "1"]
[SourceVersionDate "2017.10.13"]
[SourceQuality "1"]

1. c4 e6 2. Nc3 Nf6 3. e4 d6 4. g3 b6 5. Bg2 Bb7 6. d3 Be7 7. Nge2 Nbd7 8. 0-0 0-0 9. f4 c5 10. h3 a6 11. Kh2 Qc7 12. Be3 Rad8 13. g4 h6 14. Ng3 Rfe8 15. f5 exf5 16. exf5 Bxg2 17. Kxg2 Ne5 18. g5 hxg5 19. Bxg5 b5 20. Bxf6 Bxf6 21. Nd5 Qb7 22. Ne4 bxc4 23. Qh5 cxd3 24. Rae1 Nc4 25. Kh2 Rxe4 26. Nxf6+ gxf6 27. Rg1+ Kf8 28. Qf3 Re2+ 29. Kg3 Qxf3+ 30. Kxf3 Ne5+ 31. Kf4 Rxe1 32. Rxe1 Ke7 33. b3 Rg8 34. Rh1 Rg2 35. h4 Kf8 36. h5 Rxa2 0-1

[Event "Berlin-ch Seniors op 31st"]
[Site "Berlin"]
[Date "2015.01.30"]
[Round "2"]
[White "Scheumann, Joachim"]
[Black "Kasper, Peter"]
[Result "0-1"]
[WhiteElo "1356"]
[BlackElo "1549"]
[PlyCount "94"]
[EventDate "2015.01.29"]
[EventType "swiss"]
[EventRounds "9"]
[EventCountry "GER"]
[SourceTitle "EXT 2018"]
[Source "ChessBase"]
[SourceDate "2017.10.13"]
[SourceVersion "1"]
[SourceVersionDate "2017.10.13"]
[SourceQuality "1"]

1. c4 e6 2. Nc3 Nf6 3. e4 d6 4. g3 Be7 5. Bg2 c5 6. Nge2 Nc6 7. 0-0 0-0 8. h3 a6 9. Kh2 Qc7 10. d3 h6 11. Nf4 Nd4 12. Nfe2 Nc6 13. f4 Nh7 14. Be3 f5 15. d4 cxd4 16. Nxd4 Nxd4 17. Qxd4 Bd7 18. e5 dxe5 19. fxe5 Rac8 20. b3 Bc5 21. Qxc5 Qxc5 22. Bxc5 Rxc5 23. Rae1 b5 24. Rf4 Bc6 25. Bxc6 Rxc6 26. Rd1 Rfc8 27. Rd6 bxc4 28. Rxc6 Rxc6 29. Rxc4 Rxc4 30. bxc4 Kf7 31. Nb5 axb5 32. cxb5 Ke7 33. a4 Kd8 34. Kg2 g5 35. a5 Kc7 36. b6+ Kb7 37. Kf3 Nf8 38. Ke3 Nd7 39. Kd4 Kc6 40. h4 Nxb6 41. h5 Nd7 42. Kc4 Nxe5+ 43. Kb4 Nd3+ 44. Kc4 Nc5 45. Kd4 Kd6 46. Ke3 Kd5 47. Kf3 e5 0-1

[Event "Berlin-ch Seniors op 30th"]
[Site "Berlin"]
[Date "2014.02.02"]
[Round "4"]
[White "Kuehnemann, Gunnar"]
[Black "Scheumann, Joachim"]
[Result "1/2-1/2"]
[WhiteElo "1558"]
[BlackElo "1350"]
[PlyCount "53"]
[EventDate "2014.01.30"]
[EventType "swiss"]
[EventRounds "9"]
[EventCountry "GER"]
[SourceTitle "EXT 2018"]
[Source "ChessBase"]
[SourceDate "2017.10.13"]
[SourceVersion "1"]
[SourceVersionDate "2017.10.13"]
[SourceQuality "1"]

1. d4 Nf6 2. c4 e5 3. dxe5 Ng4 4. Nf3 Nc6 5. Bf4 Bb4+ 6. Nc3 Bxc3+ 7. bxc3 Qe7 8. Qd5 f6 9. exf6 Nxf6 10. Qd3 d6 11. e3 0-0 12. Be2 Ne4 13. Nd4 Nc5 14. Qd1 Bd7 15. 0-0 a6 16. Bf3 Ne4 17. Qc2 Nxd4 18. cxd4 Bf5 19. Qc1 g5 20. Bxe4 Bxe4 21. Bg3 g4 22. c5 Rf7 23. cxd6 cxd6 24. Qa3 Rd8 25. Rac1 Bd5 26. Qd3 b5 27. Rfe1 1/2-1/2

[Event "Berlin-ch Seniors op 30th"]
[Site "Berlin"]
[Date "2014.02.01"]
[Round "3"]
[White "Scheumann, Joachim"]
[Black "Schweitzer, Paul"]
[Result "0-1"]
[WhiteElo "1350"]
[BlackElo "1563"]
[PlyCount "92"]
[EventDate "2014.01.30"]
[EventType "swiss"]
[EventRounds "9"]
[EventCountry "GER"]
[SourceTitle "EXT 2018"]
[Source "ChessBase"]
[SourceDate "2017.10.13"]
[SourceVersion "1"]
[SourceVersionDate "2017.10.13"]
[SourceQuality "1"]

1. c4 Nc6 2. Nc3 e5 3. e4 Nf6 4. g3 a6 5. Bg2 Bc5 6. h3 Nd4 7. Nge2 c6 8. 0-0 d6 9. d3 Bd7 10. a3 b5 11. Nxd4 exd4 12. Ne2 Qc8 13. Kh2 h5 14. Bg5 Nh7 15. Qd2 f6 16. Bh6 0-0 17. Qc1 Qe8 18. Bd2 g5 19. f4 h4 20. f5 Kh8 21. b4 Ba7 22. c5 hxg3+ 23. Nxg3 dxc5 24. bxc5 Qe5 25. Rf3 Bb8 26. Kg1 Rf7 27. h4 Rg7 28. hxg5 Nxg5 29. Rf4 Kg8 30. Kf2 Qe8 31. Rg4 Bxg3+ 32. Rxg3 Qe7 33. Rg4 Kf7 34. Qh1 Rag8 35. Qh5+ Kf8 36. Bxg5 Rxg5 37. Rxg5 Rxg5 38. Qh8+ Rg8 39. Qh6+ Ke8 40. Rh1 Kd8 41. Qh7 Rg7 42. Qh6 Kc8 43. Qc1 Qe5 44. Rh3 Kb7 45. Qd2 Qxc5 46. Qh6 Qc2+ 0-1

[Event "Berlin-ch Seniors op 27th"]
[Site "Berlin"]
[Date "2011.02.04"]
[Round "7"]
[White "Scheumann, Joachim"]
[Black "Gnass, Erhard"]
[Result "1/2-1/2"]
[WhiteElo "1305"]
[BlackElo "1403"]
[PlyCount "47"]
[EventDate "2011.01.29"]
[EventType "swiss"]
[EventRounds "9"]
[EventCountry "GER"]
[SourceTitle "EXT 2012"]
[Source "ChessBase"]
[SourceDate "2011.11.24"]
[SourceVersion "1"]
[SourceVersionDate "2011.11.24"]
[SourceQuality "1"]

1. c4 e5 2. Nc3 Nc6 3. e4 Nf6 4. g3 d6 5. h3 Be6 6. d3 Be7 7. Bg2 Nd4 8. Nge2 0-0 9. 0-0 c5 10. Nxd4 cxd4 11. Ne2 Qd7 12. Kh2 b5 13. b3 bxc4 14. bxc4 Rab8 15. f4 Qc7 16. f5 Bd7 17. g4 Ne8 18. Ng3 Qd8 19. Bd2 Bg5 20. Qc1 Bxd2 21. Qxd2 h6 22. Nh5 f6 23. h4 Nc7 24. Ng3 1/2-1/2

[Event "Troisdorf op"]
[Site "Troisdorf"]
[Date "2006.11.28"]
[Round "6"]
[White "Karwatzki, Hans Juergen"]
[Black "Scheumann, Joachim"]
[Result "1-0"]
[WhiteElo "1589"]
[BlackElo "1465"]
[PlyCount "43"]
[EventDate "2006.10.24"]
[EventType "swiss"]
[EventRounds "7"]
[EventCountry "GER"]
[SourceTitle "EXT 2011"]
[Source "ChessBase"]
[SourceDate "2010.11.26"]
[SourceVersion "1"]
[SourceVersionDate "2010.11.26"]
[SourceQuality "1"]

1. e4 c5 2. c3 Nf6 3. e5 Nd5 4. Bc4 e6 5. Nf3 Be7 6. d4 cxd4 7. cxd4 Qc7 8. Bxd5 exd5 9. Nc3 Bb4 10. Bd2 Bxc3 11. Bxc3 b6 12. Rc1 Ba6 13. Bb4 Qd8 14. Qa4 Bb7 15. 0-0 Bc6 16. Qa3 a5 17. Bd6 Na6 18. Rfe1 Nc7 19. Bxc7 Qxc7 20. b4 axb4 21. Qxa8+ Bxa8 22. Rxc7 1-0

[Event "Troisdorf op"]
[Site "Troisdorf"]
[Date "2006.11.14"]
[Round "4"]
[White "Campos, Alberto"]
[Black "Scheumann, Joachim"]
[Result "1/2-1/2"]
[WhiteElo "1670"]
[BlackElo "1465"]
[PlyCount "44"]
[EventDate "2006.10.24"]
[EventType "swiss"]
[EventRounds "7"]
[EventCountry "GER"]
[SourceTitle "EXT 2011"]
[Source "ChessBase"]
[SourceDate "2010.11.26"]
[SourceVersion "1"]
[SourceVersionDate "2010.11.26"]
[SourceQuality "1"]

1. d4 Nf6 2. c4 c5 3. d5 b5 4. b3 bxc4 5. bxc4 d6 6. Nc3 g6 7. Bb2 Bg7 8. Rb1 0-0 9. Nf3 Bf5 10. Rc1 a6 11. Nh4 Bc8 12. Qc2 Nbd7 13. Nf3 Rb8 14. Ba1 Nb6 15. e4 Bg4 16. Nd2 Bd7 17. Be2 e6 18. 0-0 e5 19. f4 exf4 20. Rxf4 Bh6 21. Rff1 Ng4 22. Nd1 Ne5 1/2-1/2